000 00994cam a2200277 a 4500
001 3942317
005 20250712154015.0
008 930428r19931960kyu b 001 0 eng
020 _a0664253261
_qalk. paper
020 _a9780664253264
_q(alk. paper)
050 0 0 _aBT78
_b.N495 1993
082 0 0 _a230
_220
100 1 _aNiebuhr, H. Richard
_q(Helmut Richard),
_d1894-1962.
245 1 0 _aRadical monotheism and western culture :
_bwith supplementary essays /
_cH. Richard Niebuhr ; foreword by James M. Gustafson.
260 _aLouisville, Ky. :
_bWestminster/John Knox Press,
_c[1993]
300 _a144 p. ;
_c23 cm.
440 0 _aLibrary of theological ethics
500 _aOriginally published: New York : Harper, 1960.
650 0 _aTheology, Doctrinal.
650 0 _aChristian ethics
_xUnited Church of Christ authors.
650 0 _aMonotheism.
650 0 _aCivilization, Western.
650 0 _aChristianity and culture.
650 0 _aReligion and science.
942 _2lcc
_cBK
_n0
999 _c6941
_d6941